| 000 | 00822nam a22002537a 4500 | ||
|---|---|---|---|
| 999 |
_c2865 _d2865 |
||
| 003 | AR-CdUCM | ||
| 008 | 190305b ||||| |||| 00| 0 spa d | ||
| 040 |
_aMUNICIPALIDAD PROVINCIAL DEL CUSCO _cBIBLIOTECA MUNICIPAL DEL CUSCO |
||
| 041 | _hge | ||
| 082 |
_a341 / _bB85 |
||
| 100 |
_aBrusiin, Otto _99916 |
||
| 245 | _aEl pensamiento Juridico / | ||
| 260 |
_aBuenos Aires : _bEdiciones Juridicas Europa - America, _c1959. |
||
| 300 |
_a348 paginas ; _c15cm. |
||
| 500 | _aPensamiento jurídico contemporáneo Breviarios de Derecho colección | ||
| 650 |
_aInterpretación y aplicación _98705 |
||
| 650 |
_aDerecho _9739 |
||
| 650 |
_aFilosofia _9395 |
||
| 650 |
_aAdministración _94472 |
||
| 700 |
_aPuig Brutau, Jose _99917 |
||
| 700 |
_aSentís Melendo, Santiago _95141 |
||
| 942 |
_2ddc _cLIBROS |
||
| 945 | _apjha | ||